Mutmassungen über Hitler: Urteile von Zeitgenossen

Guardat en:
Dades bibliogràfiques
Autor principal: Fabry, Philipp W (Autor)
Format: Llibre
Idioma:alemany
Publicat: Athenäum 1979
Col·lecció:Athenäum-Droste-Taschenbücher, 7227
Matèries:
Etiquetes: Afegir etiqueta
Sense etiquetes, Sigues el primer a etiquetar aquest registre!

MARC

LEADER 00000nam a2200000 a 4500
001 UCN7268
003 CL-VaPUC
008 011012e19790000GW |||||||||||||||||ger|d
082 0 4 |a 923.2  |b FAB  |2 21 
100 0 |a Fabry, Philipp W  |e author  |9 463142 
245 1 0 |a Mutmassungen über Hitler: Urteile von Zeitgenossen 
300 |a 265 p 
942 |c BK 
945 |d 20011012 00:00:00  |a crobeson 
260 |b Athenäum  |c 1979 
600 0 7 |a HITLER, ADOLF  |2 CL-VaPUC  |9 314510 
650 0 |a Políticos   |9 256302 
650 0 |a Biografías  |9 255210 
650 7 |a FILOSOFIA POLITICA  |2 CL-VaPUC  |9 463143 
583 |a last modification  |c 20130618 10:24:22  |k Rodrigo Vera 
490 0 |a Athenäum-Droste-Taschenbücher, 7227 
999 |c 297668  |d 297666 
952 |0 0  |1 0  |4 0  |6 923_200000000000000_FAB_1979  |7 0  |8 A  |9 352591  |a BIBHIS  |b BIBHIS  |d 2019-11-21  |i 3742830  |o 923.2 FAB 1979  |p 3742830  |r 2025-01-20  |w 2019-11-21  |y BK  |k HIS